Timeline of the Middle Ages (5th - 15th Century) - Statistics

General Stats
  • This quiz has been taken 765 times
  • The average score is 15 of 22
Answer Stats
Year Question Answer % Correct
570 ________, founder of Islam, is born Muhammad
97%
1347 The _____ Death ravages Europe for the first ime Black
91%
1492 Christopher ________ reaches the New World Columbus
91%
1206 ______ Empire is founded, by Genghis Khan Mongol
91%
1299 The _______ Empire is founded by Osman I Ottoman
90%
1066 _______ the Conqueror becomes King of England William
90%
1431 The trial and execution of ____ of Arc Joan
88%
1337 The _______ Years' War begins between France and England Hundred
87%
1117 The University of ______ is founded Oxford
87%
800 ___________ is crowned Holy Roman Emperor Charlemagne
85%
1453 ______________ falls to the Ottoman Turks Constantinople
78%
1439 Johannes _________ invents the printing press Gutenberg
74%
1215 The _____ _____ is sealed by John of England Magna Carta
71%
1189 _______ I ascends to the throne of England Richard
65%
871 ______ the Great assumes the throne, the first King of a unified England Alfred
60%
1497 Vasco __ ____ begins first voyage from Europe to India Da Gama
60%
1415 Battle of _________- Henry V defeats a numerically superior French army Agincourt
55%
1380 _______ begins to write The Canterbury Tales Chaucer
46%
1305 William _______ is executed for treason Wallace
40%
1485 The Battle of ________ during the War of the Roses, Richard III dies Bosworth
25%
1438 The ____ Empire begins Inca
21%
597 _________ arrives in Kent, Christianisation of England begins Augustine
12%
No matching quizzes found
Score Distribution
Percent of People with Each Score
Percentile by Number Answered
Your Score History
You have not taken this quiz